| 000 | 00387nam a22001697a 4500 | ||
|---|---|---|---|
| 005 | 20260323111917.0 | ||
| 020 | _a9788199009660 | ||
| 041 | _aEnglish | ||
| 082 | _aT10 R25 GNA | ||
| 100 | _aGnanagurusamy Dhinakara C | ||
| 245 | _aSanatanam Arivopm (Sanatana Leaks) Part II | ||
| 250 | _a01 | ||
| 260 |
_aChennai _bNCBH _c2025 |
||
| 300 | _a504 | ||
| 365 | _b400.00 | ||
| 942 | _cBK | ||
| 999 |
_c177045 _d177045 |
||